O Natal do Panda (Registo nº 3422)

Detalhes MARC
000 -Etiqueta do registo
Cabeçalho 00700nam a22002531 4500
005 - Identificador da versão
Campo de controlo 20240813122001.0
021 ## - Número do Depósito Legal
Código do país PT
Número 21291/88
100 ## - Dados gerais de processamento
Dados gerais de processamento 20030621d1988 cd y0pory5003 ba
102 ## - Pais de publicação ou produção
País de publicação Portugal
101 1# - Língua de publicação
Língua do texto, banda sonora, etc. Português
106 ## - Campo de dados codificados: material textual
Dados codificados do material textual r
105 ## - Campo de dados codificados: livros
Dados codificados dos livros a z 000fy
215 ## - Descrição física 
Indicação específica da natureza do documento e extensão da espécie [41] p.
Outras indicações físicas il.
Dimensões 30 cm
200 1# - Titulo e menção de responsabilidade
Título próprio O Natal do Panda
Primeira menção de responsabilidade Oda Taro
Outras menções de responsabilidade trad. Luísa Vasconcelos
210 ## - Publicação, Distribuição, etc. 
Lugar da edição, distribuição, etc. [S.l.]
Nome do editor, distribuidor, etc. Distri Editora
Data da publicação, distribuição, etc. D.L. 1988
606 ## - Nome comum usado como assunto
Número de registo de entrada de autoridade 0000015
Palavra de ordem Literatura estrangeira infanto-juvenil
Subdivisão de assunto Conto
675 ## - Classificação Decimal Universal (CDU)
Notação 82-34
Edição
Língua da edição por
702 #1 - Nome de autor-pessoa física (responsabilidade secundária)
Número de registo de entrada de autoridade 0002736
Palavra de ordem Vasconcelos
Outra parte do nome não tomada para palavra de ordem Luísa
Código de função Tradutor
700 #1 - Nome de autor-pessoa física (responsabilidade principal)
Número de registo de entrada de autoridade 0002735
Palavra de ordem Taro
Outra parte do nome não tomada para palavra de ordem Oda
942 ## - Elementos de entrada adicionados (Koha)
Tipo de item no Koha Livro
Exemplares
Situação do levantamento Origin of item (home branch) (coded) Biblioteca de empréstimo Código de barras Cota Circulation type (not for loan) Tipo de documento Nota do exemplar Damaged status
  Biblioteca Escolar da Coca Maravilhas Biblioteca Escolar da Coca Maravilhas BECM6132/03 8EST TAR   Livro Sem mensagem